| Tag |
First Indicator |
Second Indicator |
Subfields |
| LEADER |
00000cam a22000004i 4500 |
| 001 |
in00003410621 |
| 005 |
20151206084407.0 |
| 008 |
130813t20132013njua b 001 0 eng |
| 010 |
|
|
|a 2013426774
|
| 020 |
|
|
|a 9781118291207
|
| 020 |
|
|
|a 1118291204
|
| 035 |
|
|
|a (OCoLC)ocn823867967
|
| 040 |
|
|
|a DLC
|e rda
|c DLC
|d TXA
|d UtOrBLW
|
| 042 |
|
|
|a pcc
|
| 049 |
|
|
|a TXAM
|
| 050 |
0 |
0 |
|a HF5548.8
|b .L254 2013
|
| 100 |
1 |
|
|a Landy, Frank J.
|
| 245 |
1 |
0 |
|a Work in the 21st century :
|b an introduction to industrial and organizational psychology /
|c Frank J. Landy, Late Professor Emeritus, Penn State University, Jeffrey M. Conte, San Diego State University.
|
| 250 |
|
|
|a Fourth edition.
|
| 264 |
|
1 |
|a Hoboken, New Jersey :
|b John Wiley & Sons,
|c [2013]
|
| 264 |
|
4 |
|c ©2013
|
| 300 |
|
|
|a xxiv, 589, 19, 47, 28 pages :
|b illustrations (some color) ;
|c 27 cm.
|
| 336 |
|
|
|a text
|b txt
|2 rdacontent
|
| 337 |
|
|
|a unmediated
|b n
|2 rdamedia
|
| 338 |
|
|
|a volume
|b nc
|2 rdacarrier
|
| 504 |
|
|
|a Includes bibliographical references and indexes.
|
| 505 |
0 |
|
|a What is industrial and organizational psychology? -- Methods and statistics in I-O psychology -- Individual differences and assessment -- Job analysis and performance -- Performance measurement -- Staffing decisions -- Training and development -- The motivation to work -- Attitudes, emotions, and work -- Stress and worker well-being -- Fairness and diversity in the workplace -- Leadership -- Teams in organizations -- The organization of work behavior.
|
| 650 |
|
0 |
|a Psychology, Industrial.
|
| 650 |
|
0 |
|a Organization
|x Research.
|
| 650 |
|
0 |
|a Organizational behavior.
|
| 650 |
|
0 |
|a Work.
|
| 650 |
|
0 |
|a Twenty-first century.
|
| 700 |
1 |
|
|a Conte, Jeffrey M.
|
| 948 |
|
|
|a cataloged
|b h
|c 2013/9/5
|d c
|e dmitchel
|f 10:20:30 am
|
| 994 |
|
|
|a C0
|b TXA
|
| 999 |
|
|
|a MARS
|
| 999 |
f |
f |
|s c214f337-a9ab-3ee4-a1f2-3f1a82534a01
|i 9d352dfc-f5da-3c13-a4f9-f09e8d8d9411
|t 0
|
| 952 |
f |
f |
|p normal
|a Texas A&M University
|b College Station
|c Sterling C. Evans Library
|d Evans: Library Stacks
|t 0
|e HF5548.8 .L254 2013
|h Library of Congress classification
|i unmediated -- volume
|m A14841312730
|
| 998 |
f |
f |
|a HF5548.8 .L254 2013
|t 0
|l Evans: Library Stacks
|